000 002560000a22000970004500
100 1 _aArteaga, José
245 1 0 _aSeis décadas de genialidad : Lucho Bermúdez
300 _aVol. 48, Num. 48 (Mayo, 1994), Páginas 54-55
773 0 _tCambio 16
942 _cANA
999 _c58439
_d58439